| 000 | 00699nam a22002057a 4500 | ||
|---|---|---|---|
| 999 |
_c166183 _d166183 |
||
| 005 | 20190716122937.0 | ||
| 010 | _aENG-125942 | ||
| 020 |
_a9789353431785 _c175.00 |
||
| 035 | _aEN-109474 | ||
| 037 | _bDBAD/PUB | ||
| 082 | _a510 | ||
| 245 | _aMathematics practice books class-10 | ||
| 250 | _aSecond edition | ||
| 260 |
_aNoida _bPearson India Education _c2019 |
||
| 270 |
_a15th Floor, Tower-B, World Trade Tower, Plot No.I, Block-C, Sector 16 _bNoida, Uttar Pradesh _e201301 _mcompanysecretary.india@pearson.com |
||
| 300 |
_avarious paging. _c25cm(pbk) |
||
| 490 | _aPearsons IIT foundation series | ||
| 500 | _aTrishna knowledge systems | ||
| 942 |
_2ddc _cEN _h510 _mMAT |
||